000 00817nam a2200229 a 4500
001 48524
003 BD-RjUL
005 20211209054535.0
008 160814s1970 bg ||||| |||| 00| e ben d
020 _c: TK 8.00
035 _a(BD-RjUL) 48643
040 _aBD-RjUL
_bben
_cBD-RjUL
041 _aben
082 _223
_a891.4408
_bAHP 1970
100 1 _aআহমদ, মুজাফফর
_9146673
245 1 0 _aপ্রবন্ধ সঙ্কলন /
_cমুজাফফর আহমদ
260 _aকলিকাতা :
_bসারস্তত লাইব্রেরী,
_c১৯৭০
300 _a২৭৪ পৃ. ;
_c১৯ সেমি.
650 _aবাংলা সাহিত্য
_9146674
_xসংগ্রহ
650 _aBangali Literature
_9146675
_xCollected Works
942 _2ddc
_cBK
999 _c48524
_d48524